| 000 | 01648nam a2200193 a 4500 | ||
|---|---|---|---|
| 001 | 000021066 | ||
| 005 | 20200930011228.0 | ||
| 008 | 100830s2012 sp ad 001 0 spa d | ||
| 040 |
_aDO-SdBNP _bspa _cBNPHU |
||
| 082 |
_axxxx _bM294 |
||
| 240 | 1 | 3 |
_aThe Merck manual home health handbook _lespañol |
| 245 | 1 | 0 |
_aManual merck de información médica general / _cdirector editorial Robert S. Porter ; director editorial adjunto Justin L. Kaplan. |
| 260 |
_aEspaña : _bOceano, _c2012. |
||
| 300 |
_av.3 : _bil., diagr. + _ecd-rom _c26 cm. |
||
| 505 | 2 |
_gVolumen 1 : _tFundamentos -- _tFármacos -- _tTrastornos digestivos -- _tTrastornos del hígado y de la vesícula biliar -- _tTrastornos de los riñones y de la vías urinarias -- _tEnfermedades cardiovasculares -- _tTrastornos de los pulmones y de las vías respiratorias -- _tTrastornos de los huesos, las articulaciones y los músculos -- _tTrastornos del encéfalo, la medula espinal y el sistema nervioso -- _gVolumen 2: _tTrastornos de la salud mental -- _tTrastornos de la nutrición y el metabolismo -- _tTrastornos hormonales -- _tTrastornos de la sangre -- _tCáncer -- _tTrastornos del sistema inmunitario -- _tInfecciones -- _tEnfermedades de la piel -- _tTrastornos de la boca y los dientes -- _tTrastornos de garganta, nariz y oído -- _tTrastornos oculares -- _tProblemas de salud en el hombre -- _gVolumen 3 : _tProblemas de salud en la mujer -- _tProblemas de salud en la infancia -- _tTrastornos en las personas de edad -- _tLesiones e intoxicaciones -- _tTemas espaciales -- _gApéndices -- _gÍndice |
|
| 700 | 1 |
_aPorter, Robert S. _eed. _944055 |
|
| 700 | 1 |
_aKaplan, Justin L. _eed. _944056 |
|
| 049 | _aBNPD | ||
| 999 |
_c20569 _d20569 |
||